Statistics for Guess the Popular Songs by the Lyrics

Click here to take the quiz!

General Stats

  • This quiz has been taken 26 times
    (24 since last reset)
  • The average score is 8 of 50

Answer Stats

ArtistLyricsSong% Correct
J ColeShe shallow, but the pussy deepNo Role Modelz
55%
Kendrick LamarI remember syrup sandwiches and crime allowancesHUMBLE
50%
Pop SmokeCant fuck with niggas, cuz niggas is gayDior
45%
Chief KeefYou gon get fucked over, Raris and RoversLove Sosa
45%
DrakeSticks and stones, chrome on chromeRich Flex
45%
Travis ScottShe thought it was an ocean, its just a poolSICKO MODE
41%
21 SavageBig 4L Im a member, leave an opp cold like decemberGlock In My Lap
32%
DrakeBlack leather gloves, no sequinsToosie Slide
32%
21 SavageI got a good heart, so i send teddy bears whenever we make they mommas crymy life
27%
Lil DurkYou was dissin on my cousin, now his ass all in that wood huh?Back In Blood
23%
21 SavageSpin the block twice like there aint nowhere to parkJimmy Cooks
23%
J ColeIm writin down names, im making a list.MIDDLE CHILD
23%
Kendrick LamarA dollar might, say fuck them niggas that you came with, thats just how i feelMoney Trees
23%
Lil TjayMy hands can do the job and i aint talkin masturbatePop Out
23%
NLE ChoppaPut your ass in my face 'til I get pink eyeSLUT ME OUT
23%
Lil BabyI dont care where i go, long as i get paidDrip Too Hard
18%
Lil DurkPlease do not play that lil boy in the club, cuz we cannot listen to ratsLaugh Now Cry Later
18%
Polo GI know what you chasing, you can only get this feeling from a thugMartin and Gina
18%
Polo GI hear planes flyin, crouds screamin, money counters, chains clinginRapstar
18%
J ColeDennis Smith Jr. stay solid my niggaa lot
14%
GunnaI put prada on my collar cuz she proud of what i saidDOLLAZ ON MY HEAD
14%
FutureHermes ashtray to dump my ashesPUFFIN ON ZOOTIES
14%
J ColeWhat these bitches want from a nigga? On some DMX shitShe Knows
14%
FutureBuy you gucci on site, Rollies on iceSolo
14%
Kodak BlackSpinnin' and spinnin' and spinnin' until I'm dizzySuper Gremlin
14%
FutureShoutout to dallas, my bitch is a starSuperhero
14%
FutureTrappin around the world, over the phone droppin tearsWAIT FOR U
14%
NLE ChoppaWipe a fuck nigga right off the mapWalk em Down
14%
Lil WayneReal G's move in silence like lasagna6 Foot 7 Foot
9%
Lil BabyHow can I lose when we the Who's Whos?In a Minute
9%
FutureYeah I ride for my niggas, I lied to my bitchLife is Good
9%
Young ThugSomethin' wrong with the pussy, even though I ain't gon' hit it, I'ma still make sure that she gushyLifestyle
9%
Travis Scott12 hours left for us in the day, i been drinking all dayMaria Im Drunk
9%
DrakeSweet like pearland, sweet like peachtreeNo Guidance
9%
Lil BabyIt happen to one of your people its different, i get it, the system is wickedThe Bigger Picture
9%
Lil BabyWe walk around with them bands in our britchesWants and Needs
9%
Polo GIn an all white dress, with her back outBETTER DAYS
5%
Lil WayneGucci slides, Versace robes, ill slide a nigga ill slide a hoeGANG GANG
5%
Young ThugI just fucked a cup of water (I did)pushin p
5%
Lil DurkI'm like "Fuck it, you tripping, go get your gun"AHHH HA
0%
Roddy RicchGot it out the pavement, now we gettin' paymentCooped Up
0%
NLE ChoppaI ain't gon' cap, I don't even like rappin, but I love wrappin' them bodies and shit.Go Stupid
0%
Polo GTry to force myself not to care until i genuinely dontHeart of a Giant
0%
Lil BabySippin' 'til my stomach hurt, this month I done lost three friendsHurricane
0%
NBA YoungboyClean up on Aisle O, youngin let that chop blowI Hate Youngboy
0%
FutureI was having trust issues, but i been having way better luck since youIncredible
0%
Lil BabyNever been a hater, i dont care enoughNever Hating
0%
J ColeMoney well spent, no heater but a nigga made heat, may i vent?Power Trip
0%
Roddy RicchI got the mop, watch me wash em like detergentROCKSTAR
0%
Lil DurkDon't mention my name if you mention them bodiesWhat Happened to Virgil
0%

Score Distribution

Percentile by Number Answered

Percent of People with Each Score

Your Score History

You have not taken this quiz since the last reset